|
|
|
|
| LEADER |
00000cas a2200000 a 4500 |
| 001 |
vtls001409225 |
| 003 |
SK-MaSNL |
| 005 |
20260228160133.0 |
| 008 |
180810d19121914xo zr|ner 0 0b0slo |
| 035 |
|
|
|a SNK000363909
|
| 040 |
|
|
|a SNK
|b slo
|c SNK
|e AACR2
|
| 041 |
0 |
|
|a slo
|
| 044 |
|
|
|a xo
|c SK
|
| 080 |
|
|
|a 050
|2 2001
|
| 245 |
0 |
0 |
|a Nitriansko-Trenčianske noviny
|b politicko-spoločenský mesačník
|
| 260 |
|
|
|a Bánovce nad Bebravou
|b Dušan Viest
|c 1912-1914
|f (Armín Hertzka)
|
| 300 |
|
|
|a zv.
|c 24 x 30 cm
|
| 310 |
|
|
|a 1x mesačne
|
| 362 |
0 |
|
|a Roč. 1, č. 1 (1. dec. 1912/13)-roč. 2, č. 7 (15. júl 1914)
|z Bg. Potemra/1958, č. 83 - BA001
|
| 650 |
0 |
7 |
|a spoločenský život
|2 SNKPH
|9 28654
|
| 650 |
0 |
7 |
|a politika
|2 SNKPH
|9 968
|
| 850 |
|
|
|a Slovenská národná knižnica v Martine
|
| 910 |
|
|
|a snk
|
| 958 |
|
|
|a ONDV
|
| 999 |
|
|
|c 1632
|d 3562
|
| 952 |
|
|
|0 0
|1 0
|4 0
|7 0
|a SNK
|b SNK
|d 2000-06-19
|l 0
|o snkČSB 1741/1/1912-1913
|p 17A0243247
|r 2005-01-02 00:00:00
|t č. 1-7
|w 2026-02-21
|y PREZ
|
| 952 |
|
|
|0 0
|1 0
|4 0
|7 0
|a SNK
|b SNK
|d 2001-03-10
|l 0
|o snkČSB 1741/2/1914
|p 17A0152498
|r 2005-01-02 00:00:00
|t č. 1-7
|w 2026-02-21
|y PREZ
|